000 00722cam a2200181 i 4500
005 20251108174625.0
008 250721s2005 jo gr 000 0 ara d
020 _a9957855131
082 1 4 _a015.565
_bأ ر د
110 2 _aدائرة المكتبة الوطنية
_eمصدر.
245 1 2 _aالببليوغرافيا الوطنية الأردنية :
_bالسجل السنوي للنتاج الفكري في المملكة الأردنية الهاشمية لعام 2004 /
_c2005.
264 1 _aعمان :
_bالمكتبة الوطنية،
_c2005.
300 _a440 صفحة.
650 1 7 _aالببلوغرافيات الوطنيه.
650 1 7 _aالاردن.
942 _2ddc
_cBK
999 _c113832
_d113832